000 00656nam a2200217 a 4500
005 20160218104941.0
008 140317t1987 xxua gr|||| 00| 0 spa d
040 _aCO-BoIAVH
_cCO-BoIAVH
041 _aspa
082 0 4 _a571.32
_bR48m
100 1 _aRicardi S., Mario
_922342
245 1 _aMorfología de plantulas de bejucos del bosque nublado del estado de Mérida
260 _aMérida
_bUniversidad de los Andes
_c1987
300 _a122 paginas.
_bilustraciones
650 4 _aBejucos
_960960
650 4 _aLianas
_960961
700 1 _aAdamo M., Giuseppe
_922343
700 1 _aHernández, Clemente
_922344
942 _cLIBRO
_2ddc
945 _d2005-12-01
999 _c4896
_d4896